Los Retos de una sociedad que envejece /

محفوظ في:
التفاصيل البيبلوغرافية
المؤلف الرئيسي: Ocampo, José Antonio
التنسيق: نص
الموضوعات:
الوسوم: إضافة وسم
لا توجد وسوم, كن أول من يضع وسما على هذه التسجيلة!

MARC

LEADER 00000 a a2200000 04500
001 10295
003
040
100 |a Ocampo, José Antonio  
245 |a Los Retos de una sociedad que envejece /  |c José Antonio Ocampo 
650 |a COMPOSICION DE LA POBLACION  
773 |g número 6; páginas 2-3  
999 |c 19577  |d 19577